Responses for Show #8766 - Monday, December 19, 2022

Ray Lalonde game 3.

Contestants

[<< previous game]

Miranda Onnen, an assistant attorney general from Astoria, New York

Andrew Schmidt, an automotive marketing consultant from Roswell, Georgia

Ray Lalonde, a scenic artist from Toronto, Ontario, Canada (whose 2-day cash winnings total $60,600)

[next game >>]

Jeopardy! Round responses

CHRISTMAS TRADITIONS ELSEWHERE
LIFE SNAPSHOTS
BIRDS ARE REAL
REPEATING NUMBERS
TELEVISION THEN & NOW
ANAGRAMMED OCCUPATIONS
    $200 6
a goat

Andrew
    $200 21
July

Ray
    $200 16
a Canada goose

Ray
    $200 11
(Ken: That's right, don't tell Sammy Hagar.)
[Laughter]

55

Ray
    $200 2
(Ken: The great [*], yes.)

Merv Griffin

Ray
    $200 15
a veterinarian

Andrew
    $400 27
potatoes

Ray
    $400 29
Westminster Abbey

Ray
    $400 28
a stork

Andrew
    $400 10
99

Andrew
    $400 4
the House of the Dragon

Miranda
    $400 12
a pharmacist

Miranda
    $600 26
Caracas

Ray
    $600 23
Poland

Ray
    $600 19
(Miranda: What is an oriole?)
...
(Ken: We needed the 2-word name, Miranda.)

a Baltimore Oriole

RayMiranda
    $600 7
(Ray: What is November 11?)

11/11

RayAndrew
    $600 1
She-Hulk

Miranda
    $600 13
[The parenthetical portion of the clue was rendered in all lowercase.]

astronomer

Miranda
    $800 25
KFC

Ray
    $800 22
anthrax

Ray
    $800 18
a hawk

Ray
    $800 8
666

Ray
    $800 3
Bewitched

Miranda
    $800 14
accountant

Miranda
    $1000 24
the Philippines

Triple Stumper
    $1000 20
the Establishment Clause

Miranda
    $1000 17
an auk

Ray
    $1000 9
(Miranda: What is 42?)

44

AndrewMiranda
    $1,800 5
Rick and Morty

Miranda
    $1000 30
a carpenter

Miranda

Scores at the first commercial break (after clue 15):

Ray Andrew Miranda
$600 $2,400 $4,400

Scores at the end of the Jeopardy! Round:

Ray Andrew Miranda
$7,000 $2,800 $5,800

Double Jeopardy! Round responses

HISTORIC WOMEN
2, 3 OR 4-LETTER GEOGRAPHY
AMERICANA
MOVIE CHARACTERS
"IN THE"
LINE OF FIRE
    $400 19
Thatcher

Miranda
    $400 29
Fuji

Miranda
    $400 24
McDonald's

Andrew
    $400 3
Buzz Lightyear

Miranda
    $400 25
a jack-in-the-box

Miranda
    $400 27
Dickinson

Miranda
    $800 20
Chicago

Triple Stumper
    $800 30
(Miranda: What is Mali?)

Chad

AndrewMiranda
    $800 23
Ohio

Miranda
    $800 4
Sarah Connor

Ray
    $800 26
blood in the water

Ray
    $800 28
Smaug

Miranda
    $1200 9
Cortés

Ray
    $1200 16
Ur

Ray
    $3,000 12
the Cajuns & the Creoles

Ray
    $1200 1
Freddy Krueger

Ray
    $1200 6
candle in the wind

Ray
    $4,000 13
(Ken: [*], Massachusetts, yes.)

Concord

Ray
    $1600 10
Byron

Miranda
    $1600 17
Hue

Triple Stumper
    $1600 22
Annapolis

Andrew
    $1600 2
(Andrew: Who is Inspector Crouseau?)

Clouseau

AndrewMiranda
    $1600 7
flash in the pan

Ray
    $1600 14
(Ken: Paradise Lost, yes.)

Milton

Ray
    $2000 11
Eleanor

Ray
    $2000 18
(Ray: What is Malacca?)

Goa

Ray
Triple Stumper
    $2000 21
(Miranda: Who is John Henry?)

Casey Jones

RayMiranda
    $2000 5
Sabrina

Ray
    $2000 8
Islands in the Stream

Ray
    $2000 15
Omar Khayyam

Ray

Scores at the end of the Double Jeopardy! Round:

Ray Andrew Miranda
$31,600 $4,000 $9,800
(lock game)

[wagering suggestions for these scores]

Final Jeopardy! Round responses

BRAND NAMES
(Ken: [To Andrew] 2727--is that your uniform number?)
(Andrew: My wife and I's special number.)
(Ken: Oh, that's nice. Well, it knocked you down to $1,273, but, you know, she can still see it there on your podium.)
...
(Ken: [To Miranda] They're not duds at all; they're a big success.)
AndrewWhat is Hersheys Kiss?
$2,727
MirandaWhat are milk duds?
$200
RayWhat are Gummy Bears?
$7,400
Milk Duds

Final scores:

Ray Andrew Miranda
$24,200 $1,273 $10,000
3-day champion: $84,800 3rd place: $1,000 2nd place: $2,000

Game dynamics:

Coryat scores:

Ray Andrew Miranda
$27,000 $4,000 $9,000
29 R
(including 2 DDs),
2 W
9 R,
1 W
18 R
(including 1 DD),
4 W

Combined Coryat: $40,000

[game clues] [game scores] [suggest correction]

Game tape date: 2022-10-25
The J! Archive is created by fans, for fans. Scraping, republication, monetization, and malicious use prohibited; this site may use cookies and collect identifying information. See terms. The Jeopardy! game show and all elements thereof, including but not limited to copyright and trademark thereto, are the property of Jeopardy Productions, Inc. and are protected under law. This website is not affiliated with, sponsored by, or operated by Jeopardy Productions, Inc. Join the discussion at JBoard.tv.